<1M Cities Skylines - Statistics

General Stats
  • This quiz has been taken 29 times
  • The average score is 7 of 16
Answer Stats
Picture Answer % Correct
Macau
81%
Monaco
81%
Anchorage
67%
Quebec City
63%
Edinburgh
59%
Venice
52%
Nice
48%
Wellington
44%
Canberra
41%
Oxford
41%
Niagara Falls
37%
Reykjavik
37%
Male
30%
Geneva
26%
Gibraltar
7%
Thimphu
7%
No matching quizzes found
Score Distribution
Percent of People with Each Score
Percentile by Number Answered
Your Score History
You have not taken this quiz